A voyage to America, 1783-1786 /

Bibliographic Details
Main Author: Shelikhov, G. I. (Grigoriĭ Ivanovich), 1747-1795
Other Authors: Pierce, Richard A.
Format: Book
Language:English
Russian
Published: Kingston, Ont. : Limestone Press, 1981.
Series:Alaska history ; no. 19.
Subjects:

MARC

Tag First Indicator Second Indicator Subfields
LEADER 00000cam a2200000 a 4500
001 in00000084358
005 20151008061338.0
008 820318s1981 oncabfh b 00110aeng
010 |a  81170216  
015 |a C*** 
020 |a 0919642675 
035 |a (OCoLC)07677873 
035 |9 AAJ7857AM 
039 0 |a 2  |b 3  |c 3  |d 3  |e 3 
040 |a DLC  |c DLC  |d TXA  |d UtOrBLW 
041 1 |a eng  |a rus 
043 |a n-us-ak 
049 |a TXAM  |c [1196533] 
050 0 0 |a F907  |b .S545 
082 0 |a 979.8/01  |2 19 
100 1 |a Shelikhov, G. I.  |q (Grigoriĭ Ivanovich),  |d 1747-1795. 
245 1 2 |a A voyage to America, 1783-1786 /  |c Grigorii I. Shelikhov ; translated by Marina Ramsay ; edited with an introduction by Richard A. Pierce. 
264 1 |a Kingston, Ont. :  |b Limestone Press,  |c 1981. 
300 |a vi, 161 pages, 8 unnumbered pages of plates :  |b illustrations, facsimiles, maps, portraits ;  |c 24 cm. 
336 |a text  |b txt  |2 rdacontent 
337 |a unmediated  |b n  |2 rdamedia 
338 |a volume  |b nc  |2 rdacarrier 
490 1 |a Alaska history ;  |v no. 19 
500 |a Maps on lining papers. 
500 |a Includes index. 
504 |a Bibliography: pages 146-152. 
600 1 0 |a Shelikhov, G. I.  |q (Grigoriĭ Ivanovich),  |d 1747-1795. 
650 0 |a Russians  |z Alaska  |x History. 
651 0 |a Alaska  |x Description and travel. 
700 1 |a Pierce, Richard A. 
830 0 |a Alaska history ;  |v no. 19. 
999 |a MARS 
999 f f |s 88f1b186-f282-3e9b-9b22-946f44bbb028  |i 054481d1-ad44-34ed-a980-ae69a54a651d  |t 0 
952 f f |p ric  |a Texas A&M University  |b Rellis Campus  |c Joint Library Facility  |d Remote Storage  |t 0  |e F907 .S545  |h Library of Congress classification  |i unmediated -- volume  |m A14806110664 
998 f f |a F907 .S545  |t 0  |l Remote Storage